header

Castings (Record no. 145681)

MARC details
000 -LEADER
fixed length control field 01228nam a2200337Ia 4500
082 04 - DEWEY DECIMAL CLASSIFICATION NUMBER
Classification number 671.2
100 1# - MAIN ENTRY--AUTHOR NAME
Personal name Campbell, John,
245 10 - TITLE STATEMENT
Title Castings
250 ## - EDITION STATEMENT
Edition statement 2nd ed.
260 ## - PUBLICATION, DISTRIBUTION, ETC. (IMPRINT)
Place of publication Burlington, Mass. :
Name of publisher Butterworth Heinemann,
Year of publication 2003.
300 ## - PHYSICAL DESCRIPTION
Number of Pages 337 p. :
Other physical details ill.
500 ## - GENERAL NOTE
General note Rev. ed. of: Castings. 1991.
650 #0 - SUBJECT ADDED ENTRY--TOPICAL TERM
Topical Term Founding.
Topical Term Metal castings.
856 40 - ELECTRONIC LOCATION AND ACCESS
Uniform Resource Identifier http://site.ebrary.com/lib/rucke/Doc?id=10186555

No items available.

© 2026 Rongo University
Contact us: librarian | system librarian | Rongo university